ثقافة العرب وثقافة الغرب في قراءة العصر / (Record no. 16664)

MARC details
000 -الفاتح
حقل البيانات ثابتة الطول 00578nam a22001577a 4500
008 - عناصر البيانات ثابتة الطول - معلومات عامة
حقل البيانات ثابتة الطول 120419s2005 ua|||||r|||| 000 0 ara d
020 ## - الرقم الدولى المعيارى للكتب
الرقم الدولى المعيارى للكتاب 9775969646
082 ## - رقم تصنيف ديوى العشرى
رقم التصنيف 301.20953
رقم المادة ح ج ا
100 ## - المدخل الرئيسى - إسم شخصى
9 (RLIN) 29662
الإسم الشخصى حجازي، سمير سعيد
245 ## - بيان العنوان
العنوان ثقافة العرب وثقافة الغرب في قراءة العصر /
بيان المسئوليه,etc سمير سعيد حجازي
260 ## - PUBLICATION, DISTRIBUTION, ETC. (IMPRINT)
مكان الناشر او الموزع القاهرة :
اسم الناشر او الموزع مؤسسة طيبة،
تاريخ النشر أو التوزيع 2005
300 ## - الوصف المادى
التعداد 382 ص ؛
أبعاد الوعاء 22 سم
504 ## - تبصرة ببليوجرافية
تبصرة ببليوجرافية,الخ يشتمل على إرجاعات ببليوجرافية : ص 382
653 ## - مصطلح تكشيفى غير مقيد
Resource For college
Arrived date list April2012
942 ## - عناصر المدخل الإضافي( كوها)
مصدر التصنيف او مخطط الترفيف Dewey Decimal Classification
Koha [default] item type Book - Borrowing
Holdings
حالة التراجع حالة الفقد مصدر التصنيف او خطة الترفيف حالة تلف ليس للاعارة مجموعات كوها المكان الدائم المكان الحالي موقع الترفيف تاريخ الاكتساب Source of acquisition رقم الاستدعاء الباركود Date last seen نوع الوعاء
    Dewey Decimal Classification     Alef-Baa Central Library Central Library First floor 19/04/2012   301.20953 ح ج ا 000026617 15/07/2025 Book - Borrowing